000 00698nam a2200229 a 4500
001 63073
003 BD-RjUL
005 20211209081145.0
008 170128s1968 nyuc b 001 0 eng
035 _a(BD-RjUL)63201
040 _aDLC
_cDLC
_dBD-RjUL
_beng
041 _aeng
082 0 0 _a823
_223
_bCUJ 1968
100 1 _aCurran, C. P.
_9187657
245 1 0 _aJames Joyce remembered /
_cC. P. Curran.
260 _aNew York :
_bOxford University Press,
_cc1968.
300 _a129 p. :
_bill. ;
_c22 cm.
504 _aIncludes index and bibliographical footnotes.
600 1 0 _aJoyce, James,
_d1882-1941.
_9187223
650 0 _aNovelists, Irish
_y20th century
_xBiography.
_9187524
942 _2ddc
_cBK
999 _c63073
_d63073